| 000 | 00987nam a22002777a 4500 | ||
|---|---|---|---|
| 003 | DO-SdBNP | ||
| 005 | 20240305122325.0 | ||
| 007 | ta | ||
| 008 | 220214b2019 dr a|||| |||| 00| 0 spa d | ||
| 020 | _a9789945805086 | ||
| 040 |
_aDO-SdBNP _bspa _cBNPHU |
||
| 082 | 4 |
_aRD861.44 _bT693d _222 |
|
| 100 | 1 |
_aTorres Ulloa, Alfonso _958620 |
|
| 245 | 1 | 0 |
_aDolor adentro / _cAlfonso Torres Ulloa ; ilustraciones, Manuel Almonte ; prólogo Rafael Nino Féliz. |
| 260 |
_aSanto Domingo : _bLeo Antillanas, _c2019. |
||
| 300 |
_a90 p. : _bil. ; _c22 cm. |
||
| 500 | _aIncluye datos biográficos del autor en la contracubierta. | ||
| 590 | _aInventariado, 2022 /LP | ||
| 590 | _aLa biblioteca posee 3 ejemplares autografiado por el autor | ||
| 650 | 4 | _aPoesía dominicana | |
| 650 | 4 | _aLiteratura dominicana | |
| 700 | 1 |
_aAlmonte, Manuel, _eil. _915818 |
|
| 700 | 1 |
_aFéliz, Rafael Nino, _epról. _975041 |
|
| 910 | _aLopérez./Validado. Control de calidad MFF | ||
| 942 |
_2ddc _cLBS1 |
||
| 999 |
_c51422 _d51422 |
||